Gozar la vida a través de actos bellos : la actitud ética como atajo hacia la felicidad /

Збережено в:
Бібліографічні деталі
Автор: Arjomandi, Arash (autor)
Формат: Книга
Мова:Іспанська
Опубліковано: Valencia, España : Pre-Textos, 2017, c2017
Серія:(Pre-Textos ; Ensayo) 1451.
Предмети:
Теги: Додати тег
Немає тегів, Будьте першим, хто поставить тег для цього запису!

MARC

LEADER 00000nam^a2200000^a^4500
001 000399292
005 20250521000000.0
009 20260310121547.994
020 |a 978-84-16906-48-2 
037 |a Acervo Xavier Clavigero 
041 |a ESP 
082 |a 179. 9  |b ARJ 
100 |a Arjomandi, Arash  |e (autor) 
245 1 0 |a Gozar la vida a través de actos bellos :  |b la actitud ética como atajo hacia la felicidad /  |c A. Arjomandi. 
264 4 |a Valencia, España :  |b Pre-Textos,  |c 2017, c2017 
300 |a 221 p. 
336 |a texto  |b txt  |2 rdacontenido 
337 |a sin mediación  |b n  |2 rdamedio 
338 |a volumen  |b nc  |2 rdasoporte 
440 1 |a (Pre-Textos ;  |v 1451.  |p Ensayo) 
521 |a FIL 2017 EEnlace Departamento de Filosofía y Humanidades 
649 |a XX 
650 |a Conducta de Vida 
650 |a Placer 
650 |a Felicidad -  |x Tema Principal 
650 |a Etica -  |x Tema Principal 
650 |a Filosofía 
910 |a Fondo General 
920 |a Impresos - Libros 
930 |a Colección General 
905 |a 101 
901 |a 0500294267  |b IT1  |c ACC  |i c1663  |u 20250521 
902 |a https://opac.biblio.iteso.mx/vufind/Record/000399292